000 00676nam a2200217 i 4500
001 67059
003 ES-MaACL
005 20250806062525.0
007 t|
008 921217s1992 sp f |||| | spa d
020 _a84-00-07313-4
080 _a008(460.27 M.:44)
100 1 _aLópez Jiménez, Luis.
_973714
245 1 0 _aRecuerdos franceses en Madrid /
_cLuis López Jiménez.
260 _a[Madrid] :
_bInstituto de Estudios Madrileños,
_c1992.
300 _a44 p., [7] p. de lám ;
_c21 cm.
651 4 _aMadrid-
_xCultura-
_xInfluencia francesa.
_98949
710 2 _aInstituto de Estudios Madrileños
_94916
852 _aES-MaACL
_j2171-F-14
999 _c67059
_d67059